书目信息 |
| 题名: |
化学实验论
|
|
| 作者: | 梁慧姝 , 郑长龙 著 | |
| 分册: | ||
| 出版信息: | 南宁 广西教育出版社 1996 |
|
| 页数: | 210页 | |
| 开本: | 20cm | |
| 丛书名: | 学科现代教育理论书系 | |
| 单 册: | ||
| 中图分类: | O6-3 , G40-01 | |
| 科图分类: | ||
| 主题词: | 化学实验 , 教育学 | |
| 电子资源: | ||
| ISBN: | 7-5435-2509-7 | |
| 000 | 00806nam2 2200289 45 | |
| 001 | 0198014874 | |
| 005 | 20040426152111.8 | |
| 010 | @a7-5435-2509-7@dCNY13.50 | |
| 100 | @a19980312d1996 kemy0chiy0121 ea | |
| 101 | 0 | @achi |
| 102 | @aCN@b450000 | |
| 105 | @ac z 000yy | |
| 106 | @ar | |
| 200 | 10 | @a化学实验论@Ahua xue shi yan lun@f梁慧姝,郑长龙著 |
| 210 | @a南宁@c广西教育出版社@d1996 | |
| 215 | @a210页@c肖像@d20cm | |
| 225 | 2 | @a学科现代教育理论书系@i化学 |
| 300 | @a国家“九五”重点图书出版规划项目 | |
| 410 | 0 | @120010@a学科现代教育理论书系 |
| 606 | @a化学实验 | |
| 606 | 0 | @a教育学 |
| 690 | @aO6-3@v3 | |
| 690 | @aG40-01 | |
| 701 | 0 | @a梁慧姝@Aliang hui shu@4著 |
| 701 | 0 | @a郑长龙@Azheng chang long@4著 |
| 801 | 0 | @aCN@bNLC@c19980330 |
| 905 | @f4@b281551-554@dG40-01@e199:4 | |
| 化学实验论/梁慧姝,郑长龙著.-南宁:广西教育出版社,1996 |
| 210页:肖像;20cm.-(学科现代教育理论书系.化学) |
| 国家“九五”重点图书出版规划项目 |
| ISBN 7-5435-2509-7:CNY13.50 |
| ● |
| 相关链接 |
|
|
|
|
正题名:化学实验论
索取号:G40-01/199:4
 
预约/预借
| 序号 | 登录号 | 条形码 | 馆藏地/架位号 | 状态 | 备注 |
| 1 | 0281551 | 002815519 | 密集书库/ [索取号:G40-01/199:4] | 在馆 | |
| 2 | 0281552 | 002815528 | 密集书库/ [索取号:G40-01/199:4] | 在馆 | |
| 3 | 0281553 | 002815537 | 密集书库/ [索取号:G40-01/199:4] | 在馆 | |
| 4 | 0281554 | 002815546 | 密集书库/ [索取号:G40-01/199:4] | 在馆 | |
| 5 | 0281555 | 002815555 | 第一样本阅览室/ [索取号:G40-01/199:4] | 在馆 |